[Event "Edmonton March Sectional E"]
[Site "Edmonton CAN"]
[Date "2004.03.05"]
[Round "1"]
[White "Skrzypniak, George "]
[Black "Yamach, Ahmet"]
[Result "0-1"]
[WhiteElo "1707"]
[BlackElo "1837"]
[PlyCount "132"]
[GameId "2160767911183628"]
[EventDate "2004.03.05"]
[EventType "tourn"]
[EventRounds "5"]
[EventCountry "CAN"]

1. e4 e6 2. d4 d5 3. e5 c5 4. c3 Nc6 5. Nf3 cxd4 6. cxd4 Qb6 7. Qb3 Qxb3 8. axb3 Bb4+ 9. Bd2 Nge7 10. Bb5 Bxd2+ 11. Kxd2 Bd7 12. Nc3 O-O 13. Rhc1 Rfc8 14. Bxc6 Bxc6 15. b4 a6 16. Na4 Bxa4 17. Rxa4 Rxc1 18. Kxc1 Rc8+ 19. Kd2 h6 20. b5 axb5 21. Rb4 Kf8 22. Rxb5 Rc7 23. Rc5 Rc6 24. b4 Rb6 25. b5 Ke8 26. Kc3 Kd7 27. Kb4 Nc6+ 28. Kc3 Na5 29. Ne1 Nc4 30. Nd3 f6 31. Nb2 fxe5 32. dxe5 Nxe5 33. Na4 Rd6 34. b6 Rc6 35. Kd4 Nc4 36. f4 g6 37. g4 Kd6 38. Rxc6+ Kxc6 39. Nc5 e5+ 40. fxe5 Nxe5 41. Nxb7 Nxg4 42. Nd8+ Kxb6 43. Kxd5 Nxh2 44. Ke5 Nf3+ 45. Kf4 Ng5 46. Ke5 Kc7 47. Kf6 Kxd8 48. Kxg6 Nf7 49. Kh5 Ke7 50. Kg6 Ke6 51. Kh5 Kf6 52. Kh4 Kg6 53. Kg4 h5+ 54. Kh4 Nh6 55. Kg3 Kg5 56. Kh3 Nf5 57. Kh2 Kh4 58. Kg2 Kg4 59. Kh2 Nh4 60. Kg1 Kh3 61. Kh1 Nf5 62. Kg1 Ng3 63. Kf2 Kh2 64. Kf3 h4 65. Kf2 h3 66. Kf3 Kg1 0-1

[Event "Edmonton March Sectional E"]
[Site "Edmonton CAN"]
[Date "2004.03.06"]
[Round "2"]
[White "Pua, Richard"]
[Black "Yamach, Ahmet"]
[Result "0-1"]
[WhiteElo "1857"]
[BlackElo "1837"]
[PlyCount "124"]
[GameId "2160767911183629"]
[EventDate "2004.03.05"]
[EventType "tourn"]
[EventRounds "5"]
[EventCountry "CAN"]

1. d4 d5 2. c4 c6 3. cxd5 cxd5 4. Nc3 Nc6 5. Bf4 a6 6. e3 Nf6 7. Nf3 Nh5 8. Bg5 h6 9. Bh4 g5 10. Ne5 Nxe5 11. dxe5 Ng7 12. Bg3 e6 13. Bd3 Be7 14. O-O h5 15. f4 g4 16. Qa4+ Bd7 17. Qb3 b5 18. f5 exf5 19. Qxd5 Be6 20. Qc6+ Kf8 21. Be2 Qc8 22. Qxc8+ Rxc8 23. Rfd1 h4 24. Bf4 Nh5 25. Rac1 Bc5 26. Bg5 f4 27. Kf1 Bxe3 28. Ra1 Ng7 29. Nd5 Bxd5 30. Rxd5 h3 31. Bf6 hxg2+ 32. Kxg2 f3+ 33. Bxf3 gxf3+ 34. Kxf3 Rh3+ 35. Kg2 Rh5 36. Rad1 Ne8 37. Rd7 Nxf6 38. exf6 Re5 39. R1d3 Bg5 40. Rd8+ Re8 41. R8d6 Re6 42. Rd8+ Rxd8 43. Rxd8+ Re8 44. Rd6 Ra8 45. Kg3 Kg8 46. Kg4 Bc1 47. b3 Bb2 48. a4 bxa4 49. bxa4 Be5 50. Rc6 Bxh2 51. Kg5 a5 52. Kf5 Re8 53. Rc5 Ra8 54. Rc6 Bg3 55. Kg5 Re8 56. Kg4 Be1 57. Kf5 Bb4 58. Rc4 Rd8 59. Rg4+ Kf8 60. Rh4 Ke8 61. Rh8+ Bf8 62. Rh7 Rd4 0-1

[Event "Edmonton March Sectional E"]
[Site "Edmonton CAN"]
[Date "2004.03.06"]
[Round "2"]
[White "Regimbald, Adrien"]
[Black "Asquith, Tom"]
[Result "1-0"]
[WhiteElo "1897"]
[BlackElo "1682"]
[PlyCount "75"]
[GameId "2160767911183630"]
[EventDate "2004.03.05"]
[EventType "tourn"]
[EventRounds "5"]
[EventCountry "CAN"]

1. c4 Nf6 2. g3 c6 3. Bg2 d5 4. Nf3 e6 5. b3 Bd6 6. Bb2 Nbd7 7. d3 O-O 8. O-O e5 9. Nbd2 d4 10. e3 c5 11. exd4 cxd4 12. Ng5 Nc5 13. Nde4 Nfxe4 14. Nxe4 Nxe4 15. Bxe4 f5 16. Bd5+ Kh8 17. f4 Qf6 18. Qf3 Rb8 19. Rae1 exf4 20. gxf4 b5 21. Re2 Bc5 22. Rfe1 Qa6 23. Qg3 Rb6 24. Qf2 Rg6+ 25. Kh1 bxc4 26. bxc4 Qb6 27. Qf3 Qb8 28. Bc1 Bd7 29. Bd2 Qb2 30. Ba5 Qa3 31. Bc7 Qc3 32. Be5 Ra6 33. Rg1 Rg8 34. Bxg8 Kxg8 35. Rxg7+ Kf8 36. Qd5 Bc6 37. Rg8+ Ke7 38. Bh8# 1-0

[Event "Edmonton March Sectional E"]
[Site "Edmonton CAN"]
[Date "2004.03.06"]
[Round "2"]
[White "Wihnon, Jason"]
[Black "Skrzypniak, George "]
[Result "0-1"]
[WhiteElo "1729"]
[BlackElo "1707"]
[PlyCount "106"]
[GameId "2160767911183631"]
[EventDate "2004.03.05"]
[EventType "tourn"]
[EventRounds "5"]
[EventCountry "CAN"]

1. e4 c6 2. d4 d5 3. exd5 cxd5 4. c4 Nf6 5. Nc3 e6 6. Nf3 Be7 7. c5 b6 8. b4 a5 9. Qa4+ Bd7 10. Bb5 Qc8 11. Ne5 O-O 12. Be3 Rd8 13. Rd1 Na6 14. Nxd7 Nxd7 15. Bxa6 Rxa6 16. b5 Ra7 17. c6 Nf6 18. O-O Bb4 19. Ne2 Ne4 20. f3 Nd6 21. Rd3 Nc4 22. Bc1 Qc7 23. f4 Qe7 24. Nc3 f6 25. Qb3 Bxc3 26. Qxc3 Qb4 27. Qxb4 axb4 28. Rb3 Rxa2 29. Rxb4 Ra5 30. Rf3 Ra1 31. Rc3 Kf7 32. Kf2 Ke7 33. Be3 Kd6 34. Kg3 f5 35. Kf3 Rda8 36. g4 g6 37. gxf5 exf5 38. Rbb3 R8a2 39. Rc1 Ra3 40. Rcc3 Rxb3 41. Rxb3 Ra3 42. Rxa3 Nxa3 43. Bd2 Nxb5 44. Bb4+ Kxc6 45. Ke3 Nd6 46. Kd3 Ne4 47. Kc2 Kb5 48. Kb3 Nf2 49. Be1 Nh3 50. Bd2 Ng1 51. Be3 Ne2 52. Kc2 Kc4 53. Kd2 Nxd4 0-1

[Event "Edmonton March Sectional E"]
[Site "Edmonton CAN"]
[Date "2004.03.06"]
[Round "3"]
[White "Skrzypniak, George "]
[Black "Regimbald, Adrien"]
[Result "0-1"]
[WhiteElo "1707"]
[BlackElo "1897"]
[PlyCount "42"]
[GameId "2160767911183632"]
[EventDate "2004.03.05"]
[EventType "tourn"]
[EventRounds "5"]
[EventCountry "CAN"]

1. e4 e6 2. d4 d5 3. e5 c5 4. c3 Nc6 5. Nf3 cxd4 6. cxd4 f6 7. Bb5 Qb6 8. Qb3 Bd7 9. Bxc6 bxc6 10. Qd1 c5 11. exf6 Nxf6 12. O-O Bd6 13. Nc3 cxd4 14. Nxd4 O-O 15. b3 Bxh2+ 16. Kxh2 Qc7+ 17. g3 Qxc3 18. Bf4 e5 19. Ne2 Qf3 20. Bg5 Ng4+ 21. Kg1 Nxf2 0-1

[Event "Edmonton March Sectional E"]
[Site "Edmonton CAN"]
[Date "2004.03.07"]
[Round "4"]
[White "Asquith, Tom"]
[Black "Skrzypniak, George "]
[Result "0-1"]
[WhiteElo "1682"]
[BlackElo "1707"]
[PlyCount "67"]
[GameId "2160767911183633"]
[EventDate "2004.03.05"]
[EventType "tourn"]
[EventRounds "5"]
[EventCountry "CAN"]

1. d4 d5 2. Nc3 Bf5 3. Bg5 Nd7 4. f3 h6 5. Bh4 Ngf6 6. Nxd5 Nxd5 7. e4 Ne3 8. Qd3 Bxe4 9. fxe4 Nxf1 10. Qxf1 c6 11. O-O-O g5 12. Bg3 Bg7 13. h4 e6 14. Qf3 Qf6 15. Qd3 g4 16. Ne2 h5 17. Rhf1 Qe7 18. e5 Rd8 19. Qe4 Nb6 20. Be1 Bh6+ 21. Kb1 Nd5 22. Rd3 b5 23. g3 b4 24. Nf4 Bxf4 25. gxf4 f5 26. exf6 Qxf6 27. c4 bxc3 28. bxc3 Rf8 29. c4 Ne7 30. Bg3 Qf5 31. Qe2 Rxd4 32. Rfd1 Rxc4 33. Qb2 Kf7 34. Qf2 0-1

[Event "Edmonton March Sectional F"]
[Site "Edmonton CAN"]
[Date "2004.03.05"]
[Round "1"]
[White "Beingessner, Andrew"]
[Black "Davies, Bob"]
[Result "0-1"]
[WhiteElo "1602"]
[BlackElo "1671"]
[PlyCount "138"]
[GameId "2160767911183634"]
[EventDate "2004.03.05"]
[EventType "tourn"]
[EventRounds "5"]
[EventCountry "CAN"]

1. e4 e5 2. Nf3 Nf6 3. Nxe5 d6 4. Nf3 Nxe4 5. d4 d5 6. Bd3 Be7 7. O-O O-O 8. Nbd2 f5 9. c4 c6 10. Re1 Nd7 11. Qb3 Ndf6 12. cxd5 cxd5 13. Nxe4 fxe4 14. Bxe4 Kh8 15. Bd3 Qc7 16. Ne5 Bd6 17. Bf4 Be6 18. Rac1 Qb8 19. Bg6 Bg8 20. Qc2 Qd8 21. Bh5 Be7 22. Bg3 Qb6 23. Ng6+ hxg6 24. Rxe7 Qxd4 25. Be5 Qg4 26. Bxg6 Rac8 27. Rc7 Rxc7 28. Bxc7 Rc8 29. f3 Qd7 30. Bf5 Be6 31. Bxe6 Qxe6 32. Qd2 Rxc7 33. Re1 Qc6 34. g4 Qc2 35. Qb4 Qc5+ 36. Qxc5 Rxc5 37. Re2 d4 38. Rd2 Rd5 39. Kf2 Nd7 40. Ke2 Nc5 41. b4 Ne6 42. Kd3 Kg8 43. Ke4 Rd7 44. f4 Kf7 45. h4 d3 46. f5 Nc7 47. g5 g6 48. f6 Ne6 49. Rxd3 Rxd3 50. Kxd3 Nf4+ 51. Kd4 Ng2 52. Kd5 Nxh4 53. Kd6 Nf3 54. Kc7 b6 55. Kb7 a5 56. b5 Nxg5 57. Kxb6 Ne6 58. Kxa5 g5 59. b6 Nd8 60. Ka6 g4 61. b7 Nxb7 62. Kxb7 g3 63. a4 g2 64. a5 g1=Q 65. a6 Qg2+ 66. Kb8 Qb2+ 67. Ka8 Qg2+ 68. Kb8 Qg3+ 69. Ka8 Qc7 0-1

[Event "Edmonton March Sectional F"]
[Site "Edmonton CAN"]
[Date "2004.03.05"]
[Round "1"]
[White "Caughlin, Wade"]
[Black "Harrop, Breagan"]
[Result "1-0"]
[WhiteElo "1592"]
[BlackElo "1589"]
[PlyCount "95"]
[GameId "2160767911183635"]
[EventDate "2004.03.05"]
[EventType "tourn"]
[EventRounds "5"]
[EventCountry "CAN"]

1. c4 f5 2. b3 e6 3. Bb2 Nf6 4. Nf3 c6 5. g3 d5 6. Bg2 Be7 7. O-O O-O 8. d3 Bd7 9. Nbd2 Be8 10. cxd5 cxd5 11. Rc1 Bc6 12. Nd4 Bd7 13. N2f3 Nc6 14. Rc2 Nxd4 15. Nxd4 Bd6 16. Qa1 Qe7 17. Nf3 Rac8 18. Rfc1 Rxc2 19. Rxc2 h6 20. Ne5 Bxe5 21. Bxe5 Ng4 22. Bd4 f4 23. Bc5 Qg5 24. Bxf8 Kxf8 25. Qc1 Bc6 26. Qxf4+ Qxf4 27. gxf4 Ke7 28. e4 Kf6 29. e5+ Kf5 30. h3 Kxf4 31. hxg4 Kxe5 32. Re2+ Kd6 33. d4 g6 34. Kh2 Be8 35. Kg3 g5 36. f4 gxf4+ 37. Kxf4 h5 38. gxh5 Bxh5 39. Bf3 Bxf3 40. Kxf3 Kc6 41. Rxe6+ Kd7 42. Rg6 Kc7 43. Kf4 b6 44. Ke5 Kb7 45. Kxd5 Kc7 46. Rg7+ Kb8 47. Kc6 Kc8 48. Rg8# 1-0

[Event "Edmonton March Sectional F"]
[Site "Edmonton CAN"]
[Date "2004.03.05"]
[Round "1"]
[White "Trepanier, Tas"]
[Black "Kazakevich, Alexander"]
[Result "0-1"]
[WhiteElo "1559"]
[BlackElo "1676"]
[PlyCount "100"]
[GameId "2160767911183636"]
[EventDate "2004.03.05"]
[EventType "tourn"]
[EventRounds "5"]
[EventCountry "CAN"]

1. d4 d5 2. c4 c6 3. Nc3 Nf6 4. Nf3 e6 5. Bf4 Bd6 6. Bg3 O-O 7. e3 Nbd7 8. cxd5 Bxg3 9. fxg3 exd5 10. Bd3 Re8 11. Qd2 Ne4 12. Qc1 Ndf6 13. O-O Bg4 14. Nd2 Qe7 15. Ndxe4 Nxe4 16. Nxe4 dxe4 17. Bc4 Be6 18. Rf4 Bd5 19. a4 Rac8 20. Qf1 Qe6 21. b3 Rf8 22. a5 f5 23. Ra2 g5 24. Rff2 Rf7 25. g4 Rcf8 26. gxf5 Rxf5 27. Rxf5 Rxf5 28. Rf2 Rxf2 29. Kxf2 Kg7 30. h3 g4 31. hxg4 Qxg4 32. Kg1 Qg5 33. Qf4 Qxf4 34. exf4 h5 35. Bxd5 cxd5 36. g3 Kf6 37. Kf2 Kf5 38. b4 a6 39. Ke3 Kg4 40. Kf2 h4 41. gxh4 Kxh4 42. f5 Kg5 43. f6 Kxf6 44. Ke3 Kg5 45. Kf2 Kf4 46. Ke2 e3 47. Ke1 Ke4 48. Ke2 Kxd4 49. Kd1 Kd3 50. Ke1 e2 0-1

[Event "Edmonton March Sectional F"]
[Site "Edmonton CAN"]
[Date "2004.03.06"]
[Round "2"]
[White "Beingessner, Andrew"]
[Black "Caughlin, Wade"]
[Result "1/2-1/2"]
[WhiteElo "1602"]
[BlackElo "1592"]
[PlyCount "90"]
[GameId "2160767911183637"]
[EventDate "2004.03.05"]
[EventType "tourn"]
[EventRounds "5"]
[EventCountry "CAN"]

1. e4 c5 2. d4 cxd4 3. c3 dxc3 4. Nxc3 e6 5. Nf3 Nc6 6. Bc4 Bb4 7. O-O Bxc3 8. bxc3 Nge7 9. Ba3 Qc7 10. Bd6 Qd8 11. a4 b6 12. Ng5 h6 13. Nf3 Na5 14. Ba2 Ba6 15. Re1 Rc8 16. Qd4 O-O 17. Be5 Nec6 18. Qe3 Bc4 19. Bf4 Qf6 20. e5 Qg6 21. Bb1 Qh5 22. h3 Bd5 23. Kh2 Bxf3 24. gxf3 Nc4 25. Qe4 Qf5 26. Qxc4 Nxe5 27. Bxe5 Rxc4 28. Bxf5 exf5 29. Rg1 g6 30. Rgd1 Re8 31. Rd5 Rc5 32. Rxc5 bxc5 33. Bd6 c4 34. a5 a6 35. Ra4 Re6 36. Bc5 d6 37. Bd4 d5 38. Rb4 Kf8 39. Rb6 Ke8 40. Rxe6+ fxe6 41. Kg3 Kd7 42. Be5 Kc6 43. h4 Kb5 44. Bg7 Kxa5 45. Bxh6 d4 1/2-1/2

[Event "Edmonton March Sectional F"]
[Site "Edmonton CAN"]
[Date "2004.03.06"]
[Round "2"]
[White "Davies, Bob"]
[Black "Kazakevich, Alexander"]
[Result "1/2-1/2"]
[WhiteElo "1671"]
[BlackElo "1676"]
[PlyCount "51"]
[GameId "2160767911183638"]
[EventDate "2004.03.05"]
[EventType "tourn"]
[EventRounds "5"]
[EventCountry "CAN"]

1. Nf3 d5 2. g3 Nc6 3. Bg2 e5 4. d3 Nf6 5. O-O Be7 6. c4 Be6 7. cxd5 Nxd5 8. Nc3 Rb8 9. Nxd5 Bxd5 10. Be3 O-O 11. Qc2 Nd4 12. Bxd4 exd4 13. Rfc1 c6 14. a3 Rc8 15. b4 Bf6 16. Bh3 Rc7 17. Qb2 Re7 18. Rc2 Bxf3 19. exf3 Qd5 20. Bg2 Rfe8 21. Kf1 a5 22. f4 Qb5 23. Qb3 a4 24. Qc4 Qh5 25. h3 Qf5 26. Rcc1 1/2-1/2

[Event "Edmonton March Sectional F"]
[Site "Edmonton CAN"]
[Date "2004.03.06"]
[Round "2"]
[White "Harrop, Breagan"]
[Black "Trepanier, Tas"]
[Result "0-1"]
[WhiteElo "1589"]
[BlackElo "1559"]
[PlyCount "96"]
[GameId "2160767911183639"]
[EventDate "2004.03.05"]
[EventType "tourn"]
[EventRounds "5"]
[EventCountry "CAN"]

1. e4 e5 2. Nf3 Nc6 3. Nc3 Nf6 4. Bb5 Nd4 5. Nxd4 exd4 6. Ne2 Nxe4 7. Nxd4 Bc5 8. Qe2 O-O 9. O-O Re8 10. Qc4 c6 11. d3 cxb5 12. Qd5 Bxd4 13. Qxd4 Ng5 14. Qd5 Ne6 15. Be3 a6 16. c4 d6 17. cxb5 Nc7 18. Qf3 Nxb5 19. Rac1 d5 20. Rc5 Be6 21. Rfc1 Rc8 22. Rxc8 Bxc8 23. a4 Nc7 24. Bb6 Qd6 25. a5 Ne6 26. Re1 Bd7 27. Qg3 Qb4 28. Qe5 Nf8 29. Qxe8 Bxe8 30. Rxe8 Qa4 31. Re1 Ne6 32. g3 Qc2 33. d4 Qxb2 34. h4 h6 35. Kg2 Nxd4 36. Re8+ Kh7 37. Re7 f6 38. Rxb7 Nc6 39. Rc7 Qb5 40. Rc8 Nxa5 41. Bxa5 Qxa5 42. Rc2 d4 43. Kf1 d3 44. Rb2 Qd5 45. f3 Qxf3+ 46. Ke1 Qxg3+ 47. Kd1 Qxh4 48. Kc1 Qe1# 0-1

[Event "Edmonton March Sectional G"]
[Site "Edmonton CAN"]
[Date "2004.03.05"]
[Round "1"]
[White "Culjaga, Marko"]
[Black "Baser, Arthur"]
[Result "0-1"]
[WhiteElo "1075"]
[BlackElo "1334"]
[PlyCount "54"]
[GameId "2160767911183640"]
[EventDate "2004.03.05"]
[EventType "tourn"]
[EventRounds "5"]
[EventCountry "CAN"]

1. e4 c5 2. Nf3 d6 3. d4 cxd4 4. Nxd4 Nf6 5. Nc3 a6 6. Bc4 b5 7. Bb3 Bb7 8. f3 e6 9. Be3 Be7 10. O-O O-O 11. Qe2 Nbd7 12. Kh1 Re8 13. a3 d5 14. exd5 exd5 15. Qd2 Bc5 16. Rfe1 Nb6 17. Bf2 Qd7 18. Ba2 Nc4 19. Bxc4 dxc4 20. Red1 Rad8 21. Bg1 Bxd4 22. Bxd4 Re6 23. Bxf6 Qxd2 24. Bxd8 Qf4 25. Bb6 h6 26. Nd5 Bxd5 27. Rxd5 Rxb6 0-1

[Event "Edmonton March Sectional G"]
[Site "Edmonton CAN"]
[Date "2004.03.05"]
[Round "1"]
[White "McDonald, Luke"]
[Black "Patermann, Mark"]
[Result "0-1"]
[WhiteElo "1075"]
[BlackElo "1444"]
[PlyCount "88"]
[GameId "2160767911183641"]
[EventDate "2004.03.05"]
[EventType "tourn"]
[EventRounds "5"]
[EventCountry "CAN"]

1. e4 c5 2. Nc3 d6 3. Nf3 Nc6 4. Bc4 e6 5. d3 Nf6 6. Bg5 Na5 7. Bb5+ Bd7 8. e5 dxe5 9. Nxe5 Bxb5 10. Nxb5 a6 11. Nc3 Bd6 12. Nc4 Nxc4 13. dxc4 Be5 14. Na4 Qa5+ 15. c3 Rc8 16. O-O b5 17. cxb5 axb5 18. b3 bxa4 19. bxa4 Bxc3 20. Rc1 O-O 21. Qd3 Nd5 22. Bd2 Bxd2 23. Rb1 Rb8 24. Rxb8 Rxb8 25. Rb1 Rxb1+ 26. Qxb1 Qb6 27. Qd3 c4 28. Qxc4 Qb1+ 29. Qf1 Qxa2 30. Qb5 Qa1+ 31. Qf1 Qxa4 32. h3 Bf4 33. g3 Bd6 34. Qc1 h5 35. h4 Qa3 36. Qc6 Bc5 37. Kg2 g6 38. Qe8+ Kg7 39. Qc8 Qc3 40. Qd7 Qd2 41. Qa4 Qxf2+ 42. Kh3 Qf1+ 43. Kh2 Qg1+ 44. Kh3 Qh1# 0-1

[Event "Edmonton March Sectional G"]
[Site "Edmonton CAN"]
[Date "2004.03.05"]
[Round "1"]
[White "White, Daniel"]
[Black "McDonald, Brian"]
[Result "1-0"]
[WhiteElo "1507"]
[BlackElo "1475"]
[PlyCount "33"]
[GameId "2160767911183642"]
[EventDate "2004.03.05"]
[EventType "tourn"]
[EventRounds "5"]
[EventCountry "CAN"]

1. Nf3 d5 2. c4 e6 3. b3 Nf6 4. Bb2 b6 5. d4 c5 6. e3 Bb7 7. cxd5 Bxd5 8. Nc3 Bd6 9. Nxd5 exd5 10. dxc5 Bxc5 11. Bb5+ Nbd7 12. Bxf6 Qxf6 13. Bxd7+ Kxd7 14. Qxd5+ Bd6 15. Qb7+ Ke6 16. Nd4+ Ke5 17. f4+ 1-0

[Event "Edmonton March Sectional G"]
[Site "Edmonton CAN"]
[Date "2004.03.06"]
[Round "2"]
[White "Baser, Arthur"]
[Black "Patermann, Mark"]
[Result "1/2-1/2"]
[WhiteElo "1334"]
[BlackElo "1444"]
[PlyCount "64"]
[GameId "2160767911183643"]
[EventDate "2004.03.05"]
[EventType "tourn"]
[EventRounds "5"]
[EventCountry "CAN"]

1. e4 c5 2. Nf3 d6 3. d4 cxd4 4. Nxd4 a6 5. Nc3 Nf6 6. Bc4 e6 7. Bb3 Be7 8. Be3 O-O 9. O-O Nc6 10. f4 Nxd4 11. Bxd4 b5 12. a3 Bb7 13. e5 dxe5 14. fxe5 Nd7 15. Qg4 Bc5 16. Rad1 Qb6 17. Bxc5 Qxc5+ 18. Kh1 Nxe5 19. Qh3 Rad8 20. Rde1 Rd2 21. Ne4 Bxe4 22. Rxe4 Ng6 23. Re3 a5 24. Ref3 Kh8 25. Rc3 Qd6 26. Qf3 Qf4 27. Qxf4 Nxf4 28. g3 Ne2 29. Rc7 f6 30. Bxe6 Nd4 31. Rd7 Re2 32. Rxd4 Rxe6 1/2-1/2

[Event "Edmonton March Sectional G"]
[Site "Edmonton CAN"]
[Date "2004.03.06"]
[Round "2"]
[White "Culjaga, Marko"]
[Black "White, Daniel"]
[Result "0-1"]
[WhiteElo "1075"]
[BlackElo "1507"]
[PlyCount "42"]
[GameId "2160767911183644"]
[EventDate "2004.03.05"]
[EventType "tourn"]
[EventRounds "5"]
[EventCountry "CAN"]

1. e4 g6 2. d4 Bg7 3. Nf3 d6 4. Nc3 Nf6 5. Bc4 c6 6. Bb3 Nbd7 7. Bf4 c5 8. dxc5 Nxc5 9. O-O Nfxe4 10. Rb1 Bxc3 11. Bxf7+ Kxf7 12. Qd5+ Be6 13. Qd1 Bxa2 14. Ra1 Bc4 15. bxc3 Bxf1 16. Kxf1 h6 17. Be3 Qc8 18. Bxc5 Qxc5 19. Nd4 Qxc3 20. Ne2 Qc5 21. Qd3 Qxf2# 0-1

[Event "Edmonton March Sectional G"]
[Site "Edmonton CAN"]
[Date "2004.03.06"]
[Round "2"]
[White "McDonald, Brian"]
[Black "McDonald, Luke"]
[Result "1-0"]
[WhiteElo "1475"]
[BlackElo "1075"]
[PlyCount "87"]
[GameId "2160767911183645"]
[EventDate "2004.03.05"]
[EventType "tourn"]
[EventRounds "5"]
[EventCountry "CAN"]

1. d4 d5 2. c4 e6 3. Nc3 Bb4 4. Nf3 Nc6 5. g3 b6 6. Bg2 Ba6 7. Qa4 Bb7 8. Bg5 Nf6 9. Ne5 Qd6 10. a3 Ba5 11. O-O Nh5 12. b4 f6 13. Bf3 Nxg3 14. hxg3 fxe5 15. c5 Qf8 16. Nb5 bxc5 17. bxa5 Rb8 18. Nxa7 Kd7 19. a6 Ba8 20. Rac1 Qf5 21. Rxc5 Rb6 22. Bd2 e4 23. Bg2 e5 24. Ba5 Rxa6 25. Rfc1 Qf6 26. Rxd5+ Ke7 27. Bb4+ Nxb4 28. Qxb4+ Kf7 29. Rxc7+ Kg6 30. Bxe4+ Kh6 31. dxe5 Qe6 32. Qd2+ g5 33. Rd6 Rxd6 34. Qxd6 Qxd6 35. exd6 Bxe4 36. d7 Rb8 37. f3 Bd5 38. Rc8 Rb1+ 39. Kf2 Be6 40. Rc6 Kh5 41. d8=Q Rb7 42. Rxe6 Rxa7 43. g4+ Kh4 44. Rh6# 1-0

[Event "Edmonton March Sectional G"]
[Site "Edmonton CAN"]
[Date "2004.03.06"]
[Round "3"]
[White "Patermann, Mark"]
[Black "McDonald, Brian"]
[Result "1-0"]
[WhiteElo "1444"]
[BlackElo "1475"]
[PlyCount "87"]
[GameId "2160767911183646"]
[EventDate "2004.03.05"]
[EventType "tourn"]
[EventRounds "5"]
[EventCountry "CAN"]

1. d4 d5 2. c4 Nf6 3. cxd5 Qxd5 4. Nc3 Qh5 5. Bf4 c6 6. Nf3 Bg4 7. Ne5 Nd5 8. Nxg4 Qxg4 9. Nxd5 cxd5 10. Qd2 Nc6 11. e3 e6 12. a3 g5 13. Bg3 Bg7 14. Be2 Qf5 15. Rc1 e5 16. dxe5 Rd8 17. f4 gxf4 18. exf4 Qe4 19. O-O Bh6 20. Rfe1 Qf5 21. Bb5 O-O 22. Bxc6 bxc6 23. Rxc6 Qh5 24. Qe2 Qxe2 25. Rxe2 Bg7 26. Bf2 d4 27. Rd2 d3 28. Bxa7 Rd7 29. Bb6 Re8 30. b4 Bf8 31. Rc3 Re6 32. Bc5 Bh6 33. g3 Rg6 34. Kf2 Rd5 35. Rcxd3 Rxd3 36. Rxd3 f6 37. e6 f5 38. e7 Kf7 39. Re3 Ke8 40. Rd3 Re6 41. b5 Bg7 42. b6 Rxb6 43. Rd8+ Kf7 44. e8=Q+ 1-0

[Event "Edmonton March Sectionals"]
[Site "Edmonton CAN"]
[Date "2004.03.??"]
[Round "1"]
[White "Haessel, Dale"]
[Black "Stanford, Mike"]
[Result "1-0"]
[WhiteElo "2200"]
[BlackElo "2176"]
[PlyCount "60"]
[GameId "2160767911183685"]
[EventDate "2004.03.??"]
[EventType "swiss"]
[EventRounds "3"]
[EventCountry "CAN"]
[SourceTitle "EXT 2005"]
[Source "ChessBase"]
[SourceDate "2004.11.15"]
[SourceVersion "1"]
[SourceVersionDate "2004.11.15"]
[SourceQuality "1"]

1. c4 e5 2. g3 Nf6 3. Bg2 c6 4. d4 Bb4+ 5. Bd2 Bxd2+ 6. Qxd2 d6 7. Nc3 O-O 8. e3 Re8 9. Nge2 e4 10. h3 h5 11. O-O d5 12. cxd5 cxd5 13. f3 exf3 14. Rxf3 Be6 15. Raf1 Nbd7 16. Nf4 Qb6 17. R3f2 Qd6 18. Qe2 g6 19. Qb5 a6 20. Qb3 Nb6 21. Nxg6 Ne4 22. Bxe4 dxe4 23. Nxe4 Qc7 24. Nf6+ Kg7 25. Nxh5+ Kh6 26. Rxf7 Bxf7 27. Rxf7 Qc1+ 28. Kg2 Qc6+ 29. Kh2 Nd5 30. Ne5 Qb5 1-0

[Event "Edmonton March Sectionals"]
[Site "Edmonton CAN"]
[Date "2004.03.??"]
[Round "1"]
[White "Sasata, Robert"]
[Black "Huber, Gregory"]
[Result "1-0"]
[WhiteElo "2195"]
[BlackElo "2219"]
[PlyCount "77"]
[GameId "2160767911183686"]
[EventDate "2004.03.??"]
[EventType "swiss"]
[EventRounds "3"]
[EventCountry "CAN"]
[SourceTitle "EXT 2005"]
[Source "ChessBase"]
[SourceDate "2004.11.15"]
[SourceVersion "1"]
[SourceVersionDate "2004.11.15"]
[SourceQuality "1"]

1. d4 Nf6 2. c4 c5 3. e3 g6 4. Nc3 Bg7 5. Nf3 O-O 6. Be2 cxd4 7. exd4 d5 8. O-O Nc6 9. h3 Be6 10. Ng5 Bf5 11. Be3 h6 12. Nf3 Rc8 13. c5 Ne4 14. Qb3 Na5 15. Qa4 Nxc3 16. bxc3 g5 17. h4 gxh4 18. Nxh4 Bh7 19. Nf3 a6 20. Bf4 Rc6 21. Ne5 Rf6 22. Bg3 Nc6 23. Bh4 Nxe5 24. Bxf6 Bxf6 25. dxe5 Bxe5 26. Qg4+ Kh8 27. Qh3 Rg8 28. Qxh6 Bxc3 29. Rab1 Bg7 30. Qh5 Qd7 31. Bd3 f5 32. Rxb7 Qe6 33. Rb6 Qe5 34. Rfb1 e6 35. c6 Qf4 36. Rb7 Qd2 37. Qh3 Bh6 38. c7 Bf4 39. c8=Q 1-0

[Event "Edmonton March Sectionals"]
[Site "Edmonton CAN"]
[Date "2004.03.06"]
[Round "2"]
[White "Boehmer, Kris"]
[Black "Haessel, Dale"]
[Result "1/2-1/2"]
[WhiteElo "2162"]
[BlackElo "2200"]
[PlyCount "69"]
[GameId "2160767911183688"]
[EventDate "2004.03.??"]
[EventType "swiss"]
[EventRounds "3"]
[EventCountry "CAN"]
[SourceTitle "EXT 2005"]
[Source "ChessBase"]
[SourceDate "2004.11.15"]
[SourceVersion "1"]
[SourceVersionDate "2004.11.15"]
[SourceQuality "1"]

1. d4 Nf6 2. Nf3 g6 3. g3 Bg7 4. Bg2 O-O 5. O-O c5 6. dxc5 Na6 7. Be3 Qc7 8. Nc3 Nxc5 9. Nb5 Qb6 10. a4 Ng4 11. Bd4 d6 12. b4 Bxd4 13. Nfxd4 a6 14. a5 Qd8 15. Nc3 Nd7 16. Na4 Rb8 17. c4 Nge5 18. Rc1 Qc7 19. c5 dxc5 20. Nxc5 Qd6 21. Ndb3 b6 22. Qxd6 exd6 23. Ne4 bxa5 24. Nxa5 Rxb4 25. Nxd6 Nb6 26. f4 Ra4 27. Nc6 Nxc6 28. Rxc6 Rb4 29. Nxc8 Rxc8 30. Rxc8+ Nxc8 31. Ra1 Rb6 32. e4 Nd6 33. e5 Nb5 34. Bd5 Kg7 35. Kf2 1/2-1/2

[Event "Edmonton March Sectionals"]
[Site "Edmonton CAN"]
[Date "2004.03.06"]
[Round "2"]
[White "Huber, Gregory"]
[Black "Gardner, Robert"]
[Result "1/2-1/2"]
[WhiteElo "2219"]
[BlackElo "2215"]
[PlyCount "75"]
[GameId "2160767911183690"]
[EventDate "2004.03.??"]
[EventType "swiss"]
[EventRounds "3"]
[EventCountry "CAN"]
[SourceTitle "EXT 2005"]
[Source "ChessBase"]
[SourceDate "2004.11.15"]
[SourceVersion "1"]
[SourceVersionDate "2004.11.15"]
[SourceQuality "1"]

1. c4 e5 2. g3 Nf6 3. Bg2 d5 4. cxd5 Nxd5 5. Nf3 Nc6 6. O-O Be7 7. d4 exd4 8. Nxd4 Nxd4 9. Qxd4 Nf6 10. Qa4+ c6 11. Rd1 Bd7 12. Nc3 Qc8 13. Bg5 h6 14. Bxf6 Bxf6 15. Ne4 Be7 16. Nd6+ Bxd6 17. Rxd6 O-O 18. Rad1 Be6 19. Qa5 Re8 20. e3 Bg4 21. R1d4 Qf5 22. Qe1 Qc5 23. Qd2 Be6 24. a3 Kf8 25. b4 Qb6 26. Qd3 Kg8 27. f4 Qc7 28. f5 Bd5 29. Bxd5 cxd5 30. R6xd5 Qc1+ 31. Kf2 Rac8 32. Rd8 Qb2+ 33. Kf3 Qxh2 34. Rxc8 Qh1+ 35. Kf2 Qh2+ 36. Kf3 Qh1+ 37. Kf2 Qh2+ 38. Kf3 1/2-1/2